Best 10 Players La Liga - Statistics

General Stats
  • This quiz has been taken 495 times
  • The average score is 6 of 10
Answer Stats
Hint Answer % Correct
10 Messi
100%
7 Ronaldo
99%
8 Iniesta
78%
6 Xavi
76%
11 Neymar
74%
11 Bale
64%
5 Ramos
59%
9 Villa
33%
19 Costa
21%
22 Dani Alves
9%
No matching quizzes found
Score Distribution
Percent of People with Each Score
Percentile by Number Answered
Your Score History
You have not taken this quiz